书目信息 |
| 题名: |
ASP.NET与VB.NET从入门到精通
|
|
| 作者: | 琼斯 著 | |
| 分册: | ||
| 出版信息: | 北京 电子工业出版社 2002.09 |
|
| 页数: | 663页 | |
| 开本: | 26cm | |
| 丛书名: | ||
| 单 册: | ||
| 中图分类: | TP393.092 | |
| 科图分类: | ||
| 主题词: | 计算机应用 | |
| 电子资源: | ||
| ISBN: | 7-5053-7892-9 | |
| 000 | 00581nam0 2200193 45 | |
| 001 | 0457694640 | |
| 005 | 2004091616013412 | |
| 010 | @a7-5053-7892-9@dCNY 65.00 | |
| 100 | @a20040916d2002 km y0chiy0120 ea | |
| 101 | 0 | @achi |
| 102 | @aCN@b110000 | |
| 200 | 1 | @aASP.NET与VB.NET从入门到精通@AASP.NET Yu VB.NET Cong Ru Men Dao Jing Tong@f(美)琼斯著@F(Mei)Qiong Si Zhu |
| 210 | @a北京@c电子工业出版社@d2002.09 | |
| 215 | @a663页@d26cm | |
| 606 | 0 | @a计算机应用 |
| 690 | @aTP393.092@v3 | |
| 701 | 0 | @a琼斯@AQiong Si@4著 |
| 801 | 0 | @aCN@bPFT@c20040916 |
| 905 | @a安徽大学@dTP393.092@eQ6941 | |
| ASP.NET与VB.NET从入门到精通/(美)琼斯著.-北京:电子工业出版社,2002.09 |
| 663页;26cm |
| ISBN 7-5053-7892-9:CNY 65.00 |
| ● |
| 相关链接 |
|
|
|
正题名:ASP.NET与VB.NET从入门到精通
索取号:TP393.092/Q6941
 
预约/预借
| 序号 | 登录号 | 条形码 | 馆藏地/架位号 | 状态 | 备注 |
| 1 | 393989 | 203939890 | 期刊室512/301自科库 128排1列2层/ [索取号:TP393.092/Q6941] | 在馆 | |
| 2 | 393990 | 203939907 | 自科库301/301自科库 128排1列2层/ [索取号:TP393.092/Q6941] | 在馆 |